Power system analysis (Record no. 1347)

000 -LEADER
fixed length control field 00590nam a2200229 a 4500
001 - CONTROL NUMBER
control field 1347
003 - CONTROL NUMBER IDENTIFIER
control field BD-DhUET
008 - FIXED-LENGTH DATA ELEMENTS--GENERAL INFORMATION
fixed length control field 931008s1994 nyua 001 0 eng
020 ## - INTERNATIONAL STANDARD BOOK NUMBER
International Standard Book Number 0070585156
020 ## - INTERNATIONAL STANDARD BOOK NUMBER
International Standard Book Number 0071133380
040 ## - CATALOGING SOURCE
Original cataloging agency DLC
Transcribing agency DLC
Modifying agency BD-DhUET
082 00 - DEWEY DECIMAL CLASSIFICATION NUMBER
Classification number 623.19
Item number GRA/1994
100 1# - MAIN ENTRY--PERSONAL NAME
Personal name Grainger, John J.
245 10 - TITLE STATEMENT
Title Power system analysis
250 ## - EDITION STATEMENT
Edition statement 1st ed.
260 ## - PUBLICATION, DISTRIBUTION, ETC. (IMPRINT)
Place of publication, distribution, etc. New York
Name of publisher, distributor, etc. McGraw-Hill
Date of publication, distribution, etc. 1994
300 ## - PHYSICAL DESCRIPTION
Extent xix, 787 p.
Other physical details ill.
504 ## - BIBLIOGRAPHY, ETC. NOTE
Bibliography, etc Includes bibliographies
650 #0 - SUBJECT ADDED ENTRY--TOPICAL TERM
Topical term or geographic name as entry element Electric power systems-Management
700 1# - ADDED ENTRY--PERSONAL NAME
Personal name Stevenson, William D.
942 ## - ADDED ENTRY ELEMENTS (KOHA)
Koha item type General Book
Holdings
Lost status Location (home branch) Not for loan Piece designation (barcode) Source of classification or shelving scheme Koha date last borrowed Copy number Date acquired Koha normalized classification for sorting Damaged status Koha renewals Price effective from Withdrawn status Koha item type Shelving location Koha issues (times borrowed) Koha date last seen Koha full call number Koha out on loan Sublocation or collection (holding branch)
 Central Library, BUET 103960 2024-03-0412014-09-03623_000000000000000_19GRA1994  2014-09-03 General BookCirculation section52024-06-01623.19/GRA/1994 Central Library, BUET
 Central Library, BUET 103961 2019-05-0622014-09-03623_000000000000000_19GRA1994  2014-09-03 General BookCirculation section12020-01-14623.19/GRA/1994 Central Library, BUET
 Central Library, BUET 103962 2025-07-1332014-09-03623_000000000000000_19GRA1994 12014-09-03 General BookCirculation section32025-11-03623.19/GRA/1994 Central Library, BUET
 Central Library, BUET 103963 2019-10-2142014-09-03623_000000000000000_19GRA1994  2014-09-03 General BookCirculation section12025-04-22623.19/GRA/1994 Central Library, BUET
 Central Library, BUET 103964 2023-11-2752014-09-03623_000000000000000_19GRA1994  2014-09-03 General BookCirculation section12023-11-27623.19/GRA/19942023-12-11Central Library, BUET
 Central Library, BUET 103965  62014-09-03623_000000000000000_19GRA1994  2014-09-03 General BookCirculation section 2016-01-26623.19/GRA/1994 Central Library, BUET
 Central Library, BUET 103966 2021-02-1372014-09-03623_000000000000000_19GRA1994 22014-09-03 General BookCirculation section12021-12-13623.19/GRA/1994 Central Library, BUET
 Central Library, BUET 103967 2022-02-0682014-09-03623_000000000000000_19GRA1994  2014-09-03 General BookCirculation section22022-02-06623.19/GRA/19942023-02-06Central Library, BUET
 Central Library, BUET 103968 2025-05-0392014-09-03623_000000000000000_19GRA1994  2014-09-03 General BookCirculation section52025-05-03623.19/GRA/19942025-05-17Central Library, BUET
 Central Library, BUET 89529  102015-06-21623_190000000000000_GRA_1994  2015-06-21 Reading ItemReading section 2015-06-21623.19/GRA/1994 Central Library, BUET
 Central Library, BUET 91138  112015-06-21623_190000000000000_GRA_1994  2015-06-21 Reading ItemReading section 2015-06-21623.19/GRA/1994 Central Library, BUET
 Central Library, BUET 90777  122015-07-02623_190000000000000_GRA_1994  2015-07-02 Reading ItemReading section 2015-07-02623.19/GRA/1994 Central Library, BUET